000
00311nam a22001217a 4500
008
180521b xxu||||| |||| 00| 0 eng d
041
_a
eng
080
_a
043.3
100
_a
0
101
_a
MBE-BTH
245
_a
Vlerësimi i performancës dhe metodat e vlerësimit të performancës
_c
Hoda,T
942
_2
udc
_c
BK
999
_c
46112
_d
46112